00505nam a2200193 a 4500001001300000003000900013005001700022008004100039020001000080082002200090100001900112245004700131260003800178300000900216500003500225505001500260650001700275700001900292nice12345678IN_TiNIC20260116011519.0050524s1873 lona grp 000 0 eng  ac10000a491.43982421bPLA aPlatts, John T aGrammar of the Hindustani Or Urdu Language aLondonbSamson Low, Marstonc1873 a399p aincludes index and biblioraphy2 aVocabulary aUrdu-Grammar1 aPlatts, John T